Cataluña y la Generalitat en la historia / texto: Joan B. Culla ... [et. al.] ; coordinación de ilustración: Montserrat Sagarra ... [et. al.] Joan B. Culla ... [et. al.] ; coordinación de ilustración:
Descripción Física:
269 p. : il., principalment col. ; 32 cm
Colección:
Som i serem ; 1
Materias:
Catalunya. -- Generalitat -- Història
MARC
| LEADER | 00000nam a2200000Ia 4500 | ||
|---|---|---|---|
| 001 | 14073 | ||
| 008 | 160829s1983 xx 000 0 cat d | ||
| 080 | |a FOL-2-30 | ||
| 245 | |a Cataluña y la Generalitat en la historia / texto: |b Joan B. Culla ... [et. al.] ; coordinación de ilustración: |b Montserrat Sagarra ... [et. al.] | ||
| 260 | |a [Barcelona] : |b Generalitat de Catalunya : |b Mediterrània : |b Kapel, |c 1983 | ||
| 300 | |a 269 p. : |b il., principalment col. ; |c 32 cm | ||
| 490 | |a Som i serem ; 1 | ||
| 610 | 1 | 0 | |a Catalunya. |b Generalitat |x Història |9 56412 |
| 700 | |a Culla i Clarà, Joan B. |9 27522 | ||
| 700 | |a Sagarra, Montserrat, coord. |9 27523 | ||
| 710 | 1 | |a Catalunya. |b Generalitat |9 12125 | |
| 901 | |a Arxiu | ||
| 942 | |n 1 | ||
| 952 | |0 0 |1 0 |4 0 |6 FOL230 |7 1 |9 44422 |a Arxiu |b Arxiu |d 2016-12-01 |l 0 |o FOL-2-30 |p 14073 |r 2016-12-01 00:00:00 |w 2016-12-01 |y ARXIU | ||
| 999 | |c 47003 |d 47003 | ||